000 00654nam a2200205 a 4500
001 000023332
005 20200930022138.0
008 101202s1973 ve r 000 p spa d
040 _aDO-SdBNP
_bspa
_cBNPHU
082 _aV861.4
_bP348v
100 1 _aPaz Castillo, Fernando,
_d1893-1981
_98072
245 1 3 _aLa voz de los cuatro vientos /
_cFernando Paz Castillo.
260 _aCaracas :
_bMonte Ávila,
_c1973.
300 _a133, [10] p. ;
_c16 cm.
490 1 _aBiblioteca popular el dorado
_v97
650 4 _aPoesía venezolana
_94230
650 4 _aLiteratura venezolana
_93816
830 0 _aBiblioteca popular el dorado ;
_v97
_913605
049 _aBNGR
999 _c22829
_d22829